| 000 | 00397pam a2200145 a 4500 | ||
|---|---|---|---|
| 020 |
_a3131276118 _c |
||
| 041 | _h | ||
| 082 |
_a617.3 _bJUP |
||
| 100 | _aLABENHOFFER P., STAUBLI A.E., JAKOB R.P. | ||
| 245 |
_aAO MANUAL OF FRACTURE MANAGEMENT HAND & WRIST (WITH CD) _hTextual Documents |
||
| 260 |
_a[s.l]: _bTHIEME, _c2005. |
||
| 300 |
_a345: _bXVI; _cHB+ _eCD. |
||
| 930 | _a4629 | ||
| 999 |
_c799157 _d799157 |
||
| 650 | _aORTHO | ||